000 01023cas a22002175a 4500
001 L143536
008 080515c2005 xxkan wssss 0 a0eng u
035 _a(Sirsi) u143536
041 0 _aeng
110 2 _aCluttons
_92064
245 0 0 _aResidential property forecasts
_h[electronic resource]
260 _aLondon
_bCluttons
_c2005-
362 0 _a2005-
490 0 _aResidential Property Forecasts
520 _aProvides commentary on the UK and Central London residential property sales markets, and upon Central London residential letting values. Offers a five-year forecast for these markets. Looks in detail at a range of different scenarios. Graphs illustrate the forecasts for these markets in each of the scenarios discussed.
554 _aUpdated irregularly
651 4 _aUnited Kingdom
_y
690 _aPROPERTY-RESIDENTIAL PROPERTY-RESIDENTIAL PROPERTY MARKET
856 4 0 _uhttps://www.cluttons.com/research_index.cfm?serviceCategoryId=1
_zView the item free of charge at www.cluttons.com...
942 _n0
999 _c119180
_d119180